000
00283nam a22001217a 4500
008
180911b xxu||||| |||| 00| 0 eng d
041
_a
eng
080
_a
941
100
_a
16
101
_a
HIS
245
_a
eL Greco Revisted His Byzantine Heritasge
_c
Kelmen,P
942
_2
udc
_c
BK
999
_c
47659
_d
47659